| 000 | 00458nam a2200145 a 4500 | ||
|---|---|---|---|
| 001 | 000029879 | ||
| 005 | 20200930055857.0 | ||
| 008 | 110426s1994 000 spa d | ||
| 040 |
_aDO-SdBNP _bspa _cBNPHU |
||
| 110 | 2 |
_aCentro Nacional de Investigaciones en Salud Materno Infantil _955757 |
|
| 245 | 1 | 0 | _aInforme anual 1994. |
| 260 |
_aSanto Domingo : _bHospital de NiƱos Robert Reid Cabral _bCENISMI, _c[1994.]. |
||
| 300 |
_a12 P. _a28 cm. |
||
| 049 | _aBNPD | ||
| 999 |
_c29371 _d29371 |
||